Organization in plants (Record no. 31433)

MARC details
000 -LEADER
fixed length control field 00835nam a2200361Ia 4500
082 ## - DEWEY DECIMAL CLASSIFICATION NUMBER
Classification number 581.1
Item number BAR
100 ## - MAIN ENTRY--AUTHOR NAME
Personal name Baron, W M M
245 #0 - TITLE STATEMENT
Title Organization in plants
250 ## - EDITION STATEMENT
Edition statement Ed.3
260 ## - PUBLICATION, DISTRIBUTION, ETC. (IMPRINT)
Place of publication London
Name of publisher Edward Arnold
Year of publication 1963
650 ## - SUBJECT ADDED ENTRY--TOPICAL TERM
Topical Term Abscisic acid
650 ## - SUBJECT ADDED ENTRY--TOPICAL TERM
Topical Term Cell
650 ## - SUBJECT ADDED ENTRY--TOPICAL TERM
Topical Term Dormancy
650 ## - SUBJECT ADDED ENTRY--TOPICAL TERM
Topical Term Ethene
650 ## - SUBJECT ADDED ENTRY--TOPICAL TERM
Topical Term Geotropism
650 ## - SUBJECT ADDED ENTRY--TOPICAL TERM
Topical Term Germination
650 ## - SUBJECT ADDED ENTRY--TOPICAL TERM
Topical Term Gibberellin
650 ## - SUBJECT ADDED ENTRY--TOPICAL TERM
Topical Term Hormone
650 ## - SUBJECT ADDED ENTRY--TOPICAL TERM
Topical Term Lipid
650 ## - SUBJECT ADDED ENTRY--TOPICAL TERM
Topical Term Metabolism
650 ## - SUBJECT ADDED ENTRY--TOPICAL TERM
Topical Term Nucleic acid
650 ## - SUBJECT ADDED ENTRY--TOPICAL TERM
Topical Term Photosynthesis
650 ## - SUBJECT ADDED ENTRY--TOPICAL TERM
Topical Term Phytochrome
650 ## - SUBJECT ADDED ENTRY--TOPICAL TERM
Topical Term Plant physiology
650 ## - SUBJECT ADDED ENTRY--TOPICAL TERM
Topical Term Pollination
650 ## - SUBJECT ADDED ENTRY--TOPICAL TERM
Topical Term Respiration
650 ## - SUBJECT ADDED ENTRY--TOPICAL TERM
Topical Term Senescence
650 ## - SUBJECT ADDED ENTRY--TOPICAL TERM
Topical Term Tissue
650 ## - SUBJECT ADDED ENTRY--TOPICAL TERM
Topical Term Vegetative growth
650 ## - SUBJECT ADDED ENTRY--TOPICAL TERM
Topical Term Water relations
942 ## - ADDED ENTRY ELEMENTS (KOHA)
Koha item type Books
Holdings
Withdrawn status Lost status Damaged status Not for loan Home library Current library Date acquired Full call number Accession Number Koha item type
        RRII Library RRII Library 16/12/2021 581.1 BAR 11978 Books